000 01033nam a2200325Ia 4500
008 170203s9999 xx 000 0 und d
020 _a9781597071901
050 _aFic
050 _bSt856g
100 _aStilton, Geronimo.
245 4 _aThe secret of the Sphinx /
245 _cby Geronimo Stilton [illustrations by Gianluigi Fungo ; translation by Nanette McGuinness].
260 _aNew York :
260 _bScholastic Inc.,
260 _c2009
300 _a48 pages :
300 _bcolor illustrations ;
300 _c24 cm.
440 _aGeronimo Stilton graphic novel,
440 _vbk. 2.
650 _aGraphic novels.
650 _aGreat Sphinx (Egypt) -- Comic books, strips, etc. --
650 _aMice -- Comic books, strips, etc. --
650 _aStilton, Geronimo -- Comic books, strips, etc. --
650 _aTime travel -- Comic books, strips, etc. --
650 _xJuvenile fiction.
650 _xJuvenile fiction.
650 _xJuvenile fiction.
650 _xJuvenile fiction.
999 _c306257
_d306257